Ruchy Niepodległośćiowe na Mapie Europy - Statystyki

Ogólne statystyki
  • Ten quiz został rozwiązany 41 razy
    32 od ostatniego zresetowania
  • Średni wynik to 11 z 18
Odpowiedzi na mapie
Odpowiedzi zakodowano w zielono-czerwonej skali na mapie do tego quizu, zgodnie z poniższymi procentami.
 
Statystyki odpowiedzi
Obecnie część.... Region walczący o niepodległość % Poprawnych
Wielkiej Brytanii Szkocja
96%
Hiszpanii Katalonia
86%
Francji, Hiszpanii Kraj {Basków}
86%
Niemiec Bawaria
82%
Włoch Sycylia
79%
Czech Morawy
71%
Francji Korsyka
68%
Hiszpanii Galicja
64%
Mołdawii Naddniestrze
64%
Francji Bretania
61%
Rosji Karelia
54%
Wielkiej Brytanii Kornwalia
46%
Bośni i Hercegowiny Republika {Serbska}
46%
Finlandii Wyspy Alandzkie
43%
Danii Wyspy {Owcze}
43%
Serbii Wojwodina
36%
Włoch Padania
21%
Belgii Region {Flamandzki}
7%
Nie znaleziono quizów pasujących do podanych kryteriów
Rozkład punktacji
Procent ludzi z każdym wynikiem
Percentyl według liczby udzielonych odpowiedzi
Twoja historia wyników
Nie rozwiązałeś tego quizu od ostatniego zresetowania